SHANTANURAO KIRLOSKAR (Record no. 21379)
[ view plain ]
| 000 -LEADER | |
|---|---|
| fixed length control field | 00263nam a2200121Ia 4500 |
| 100 ## - MAIN ENTRY--PERSONAL NAME | |
| Personal name | SABADE/ B.R. |
| 245 ## - TITLE STATEMENT | |
| Title | SHANTANURAO KIRLOSKAR |
| 260 ## - PUBLICATION, DISTRIBUTION, ETC. | |
| Name of publisher, distributor, etc. | RAJYA MARATHI VIKAS SANSTHA |
| Place of publication, distribution, etc. | Mumbai |
| Date of publication, distribution, etc. | 2003 |
| 366 ## - TRADE AVAILABILITY INFORMATION | |
| Publishers's discount category | 50 |
| 300 ## - PHYSICAL DESCRIPTION | |
| Extent | 149 |
| 546 ## - LANGUAGE NOTE | |
| Language note | MARATHI |
| 942 ## - ADDED ENTRY ELEMENTS (KOHA) | |
| Koha item type | BOOK |
| Withdrawn status | Lost status | Damaged status | Not for loan | Collection | Home library | Current library | Date acquired | Source of acquisition | Cost, normal purchase price | Inventory number | Total Checkouts | Full call number | Barcode | Date last seen | Cost, replacement price | Price effective from | Koha item type |
|---|---|---|---|---|---|---|---|---|---|---|---|---|---|---|---|---|---|
| AFT | Fr. Agnel's C.Rodrigues College of Engineering | Fr. Agnel's C.Rodrigues College of Engineering | 17/03/2023 | RAJYA MARATHI VIKAS SANSTHA | 40.00 | 10775 INDENT NO. | AFT8269 | 17/03/2023 | 80.00 | BOOK |